000 00629cam a2200217 4500
001 2194282
005 20180214033551.0
008 730322s1972 miua bs 001 0 eng
010 _a 72619571
020 _a0879441240
040 _aDLC
_cDLC
_dDLC
041 _aeng
080 _a658.400182 TAY
082 0 0 _a658.400182 TAY
100 1 _a54
101 _aLID
245 1 0 _aSurvey of organizations;
_c[by] James C. Taylor [and] David G. Bowers.
504 _aBibliography: p. 157-158.
906 _a7
_bcbc
_corignew
_d2
_encip
_f19
_gy-gencatlg
942 _2ddc
_cBK
999 _c42449
_d42449